书目信息 |
| 题名: |
微尺度拉曼光谱实验力学
|
|
| 作者: | 仇巍 , 亢一澜 , 雷振坤 著 | |
| 分册: | ||
| 出版信息: | 北京 科学出版社 2015.02 |
|
| 页数: | 238页, [4] 页图版 | |
| 开本: | 24cm | |
| 丛书名: | ||
| 单 册: | ||
| 中图分类: | O433 | |
| 科图分类: | ||
| 主题词: | 拉曼光谱--la man guang pu--实验应力分析 | |
| 电子资源: | ||
| ISBN: | 978-7-03-043185-1 | |
| 000 | 01124nam0 2200289 450 | |
| 001 | CAL 0120151506556 | |
| 005 | 20150806155541.42 | |
| 010 | @a978-7-03-043185-1@dCNY98.00 | |
| 100 | @a20150226d2015 em y0chiy50 ea | |
| 101 | 0 | @achi |
| 102 | @aCN@b110000 | |
| 105 | @aafk a 001yy | |
| 106 | @ar | |
| 200 | 1 | @a微尺度拉曼光谱实验力学@Awei chi du la man guang pu shi yan li xue@d= Micro-raman spectrum and experimental mechanics@f雷振坤, 仇巍, 亢一澜著@zeng |
| 210 | @a北京@c科学出版社@d2015.02 | |
| 215 | @a238页, [4] 页图版@c图@d24cm | |
| 320 | @a有书目和索引 | |
| 330 | @a本书综合微拉曼光谱力学测量的基础理论、测试技术、材料力学实验三方面内容, 介绍作者近年来在微拉曼光谱力学实验领域的系列研究成果, 包括在硅、多孔硅、碳纳米管和纤维复合材料等方面的实验力学研究进展。 | |
| 510 | 1 | @aMicro-raman spectrum and experimental mechanics@zeng |
| 586 | @a | |
| 606 | 0 | @a拉曼光谱@Ala man guang pu@x实验应力分析 |
| 690 | @aO433@v5 | |
| 701 | 0 | @a仇巍@Aqiu wei@4著 |
| 701 | 0 | @a亢一澜@Akang yi lan@4著 |
| 701 | 0 | @a雷振坤@Alei zhen kun@4著 |
| 801 | 0 | @aCN@c20150820 |
| 905 | @a河南城建学院图书馆@dO433@eL079@f3 | |
| 微尺度拉曼光谱实验力学= Micro-raman spectrum and experimental mechanics/雷振坤, 仇巍, 亢一澜著.-北京:科学出版社,2015.02 |
| 238页, [4] 页图版:图;24cm |
| ISBN 978-7-03-043185-1:CNY98.00 |
| 本书综合微拉曼光谱力学测量的基础理论、测试技术、材料力学实验三方面内容, 介绍作者近年来在微拉曼光谱力学实验领域的系列研究成果, 包括在硅、多孔硅、碳纳米管和纤维复合材料等方面的实验力学研究进展。 |
| ● |
| 相关链接 |
|
|
|
正题名:微尺度拉曼光谱实验力学
索取号:O433/L079
 
预约/预借
| 序号 | 登录号 | 条形码 | 馆藏地/架位号 | 状态 | 备注 |
| 1 | 1162337 | 211623377 | 自科库401/401自科库 58排1列5层/ [索取号:O433/L079] | 在馆 | |
| 2 | 1162338 | 211623386 | 自科库401/401自科库 58排1列5层/ [索取号:O433/L079] | 在馆 | |
| 3 | 1162339 | 211623395 | 自科库401/401自科库 58排1列5层/ [索取号:O433/L079] | 在馆 |